Tableau des médailles olympiques - Beach-volley - Statistiques

Statistiques générales
  • Ce quiz a été pris 36 fois
  • Le résultat moyen est 9 sur 14
Statistiques - réponses
Total Or Argent Bronze Pays % Correct
13 3 7 3 Brésil
94%
11 7 2 2 États-Unis
91%
1 0 1 0 Espagne
84%
1 0 1 0 Italie
84%
2 0 1 1 Chine
81%
1 0 1 0 ROC
81%
3 2 0 1 Allemagne
78%
1 0 0 1 Pays-Bas
72%
1 1 0 0 Norvège
69%
1 0 0 1 Canada
66%
3 1 1 1 Australie
63%
2 0 0 2 Suisse
44%
1 0 0 1 Qatar
19%
1 0 0 1 Lettonie
16%
Aucun quiz correspondant
Distribution des résultats
% des personnes avec chaque résultat
Percentile par nombre de réponses
Votre historique - résultats
Vous n’avez pas pris ce quiz